[Event "SC Mülheim 1 - SV Günnigfeld 1"]
[Site "Verbandsklasse - Gruppe 1 201"]
[Date "2019.01.20"]
[Round "5.1"]
[White "Freisen, Thomas"]
[Black "Viebahn, Dirk"]
[Result "1/2-1/2"]
[WhiteElo "1973"]
[BlackElo "2117"]
[PlyCount "33"]
[EventDate "2019.??.??"]

1. Nf3 Nf6 2. c4 c5 3. Nc3 g6 4. d4 cxd4 5. Nxd4 Bg7 6. e4 d6 7. Be2 a6 8. O-O
O-O 9. Be3 Bd7 10. f3 Nc6 11. Qd2 Rb8 12. Rfd1 Re8 13. Rac1 h5 14. Nb3 Be6 15.
Nd5 Nd7 16. Bf1 a5 17. Nc3 1/2-1/2

[Event "SC Mülheim 1 - SV Günnigfeld 1"]
[Site "Verbandsklasse - Gruppe 1 201"]
[Date "2019.01.20"]
[Round "5.2"]
[White "Langschmidt, Dirk"]
[Black "Markus, Peter"]
[Result "1/2-1/2"]
[WhiteElo "1986"]
[BlackElo "1950"]
[Annotator "Daniel"]
[PlyCount "59"]
[EventDate "2019.??.??"]

1. e4 e5 2. Nf3 Nc6 3. Bc4 Bc5 4. c3 Nf6 5. d4 exd4 6. cxd4 Bb4+ 7. Bd2 Bxd2+
8. Nbxd2 d5 9. exd5 Nxd5 10. Qb3 Nce7 11. O-O O-O 12. a4 c6 13. a5 Rb8 14. Ne5
Be6 15. Ne4 Nf4 16. Bxe6 Nxe6 17. Nxf7 Qd5 18. Qxd5 Nxd5 19. Ne5 Rf4 20. Nc5
Nxd4 21. Rfd1 Nc2 $11 22. Rac1 Ncb4 23. Ned7 Re8 24. Re1 Rd8 25. Rcd1 Rf7 26.
Ne5 Re7 27. Nf3 Rxe1+ 28. Nxe1 b6 29. axb6 axb6 30. Ne4 1/2-1/2

[Event "SC Mülheim 1 - SV Günnigfeld 1"]
[Site "Verbandsklasse - Gruppe 1 201"]
[Date "2019.01.20"]
[Round "5.3"]
[White "Radi, Guenter"]
[Black "Riese, Manfred"]
[Result "0-1"]
[WhiteElo "1877"]
[BlackElo "1827"]
[PlyCount "92"]
[EventDate "2019.??.??"]

1. d4 d6 2. Nf3 Nf6 3. c4 c6 4. Nc3 Bg4 5. e3 Nbd7 6. Be2 g6 7. Qb3 Rb8 8. h3
Bxf3 9. Bxf3 Bg7 10. O-O O-O 11. Rd1 Qc7 12. Bd2 Rfe8 13. Qc2 Rbc8 14. Rac1 a6
15. Qd3 Qb8 16. e4 h6 17. Bf4 Kh7 18. Qe3 e5 19. Bh2 Rcd8 20. d5 c5 21. Be2 Re7
22. Rc2 Rde8 23. Bd3 Nf8 24. f4 exf4 25. Qxf4 Rd8 26. Rf1 Nh5 27. Qh4 Qc7 28.
g4 Bd4+ 29. Kh1 Ng7 30. Bf4 Kg8 31. Bxh6 Rde8 32. Ne2 Be5 33. Ng1 Nd7 34. Bg5
f6 35. Bxf6 Bxf6 36. Rxf6 Nxf6 37. Qxf6 Rf8 38. Qxg6 Re5 39. Kg2 Qe7 40. Nf3
Rf6 41. Nxe5 Qxe5 42. Qxf6 Qxf6 43. Be2 Qd4 44. Kf3 Ne8 45. g5 Ng7 46. Bf1 Qd1+
0-1

[Event "SC Mülheim 1 - SV Günnigfeld 1"]
[Site "Verbandsklasse - Gruppe 1 201"]
[Date "2019.01.20"]
[Round "5.4"]
[White "Straenger, Petra"]
[Black "Funke, Eckhard"]
[Result "0-1"]
[WhiteElo "1814"]
[BlackElo "1809"]
[PlyCount "82"]
[EventDate "2019.??.??"]

1. d4 Nf6 2. Nf3 e6 3. c4 d5 4. Nc3 Be7 5. g3 O-O 6. Bg2 dxc4 7. Ne5 Nc6 8.
Nxc6 bxc6 9. Bxc6 Rb8 10. O-O Nd5 11. a3 a6 12. e4 Nxc3 13. bxc3 Rb6 14. Qa4
Qd6 15. d5 exd5 16. exd5 Qf6 17. Be3 Rxc6 18. dxc6 Bh3 19. Qd1 Qxc6 20. f3 Bxf1
21. Qxf1 Rd8 22. Rd1 Rxd1 23. Qxd1 Qd6 24. Qxd6 cxd6 25. Kf1 d5 26. a4 f5 27.
Ke2 Bf6 28. Kd2 g5 29. Bc5 h5 30. h3 g4 31. hxg4 fxg4 32. f4 Kf7 33. Bb4 Ke6
34. Ke3 Kf5 35. Ba5 Ke6 36. Bb4 h4 37. gxh4 Bxh4 38. Bc5 Bd8 39. f5+ Kxf5 40.
Kd4 Ke6 41. Ke3 Bf6 0-1

[Event "SC Mülheim 1 - SV Günnigfeld 1"]
[Site "Verbandsklasse - Gruppe 1 201"]
[Date "2019.01.20"]
[Round "5.5"]
[White "Jaennekes, Oliver"]
[Black "Riek, Wolfgang"]
[Result "1-0"]
[WhiteElo "1791"]
[BlackElo "1786"]
[PlyCount "91"]
[EventDate "2019.??.??"]

1. d4 d5 2. Bf4 Nf6 3. e3 e6 4. c4 c6 5. Nc3 Bd6 6. Nf3 Bxf4 7. exf4 Nbd7 8.
Bd3 dxc4 9. Bxc4 Nb6 10. Bd3 O-O 11. O-O Nbd5 12. Qc1 Qd6 13. Ne5 Nb4 14. Rd1
Nxd3 15. Rxd3 Bd7 16. a3 Rfd8 17. b4 Be8 18. Na4 a5 19. Nb6 Ra6 20. Nbc4 Qb8
21. Nxa5 Qa7 22. Nb3 Nd5 23. Nc5 Nxb4 24. Rb3 Rxd4 25. Nxa6 Nxa6 26. Qe3 c5 27.
Qf3 Nb4 28. Rab1 Ba4 29. axb4 Bxb3 30. Qxb3 Rxb4 31. Qd3 Rd4 32. Qb5 Rd8 33. g3
f6 34. Nc4 h6 35. Qxb7 Rd1+ 36. Kg2 Qa4 37. Rxd1 Qxd1 38. Qc8+ Kf7 39. Qxc5 Qd3
40. Ne3 Qe4+ 41. Kh3 Qf3 42. f5 Qxf2 43. Qa7+ Kg8 44. fxe6 Qf3 45. Qf7+ Kh7 46.
e7 1-0

[Event "SC Mülheim 1 - SV Günnigfeld 1"]
[Site "Verbandsklasse - Gruppe 1 201"]
[Date "2019.01.20"]
[Round "5.6"]
[White "Meyer, Friedel"]
[Black "Brinkmann, Uwe"]
[Result "1/2-1/2"]
[WhiteElo "1765"]
[BlackElo "1931"]
[PlyCount "82"]
[EventDate "2019.??.??"]

1. c4 e6 2. Nc3 d5 3. e3 Nf6 4. d4 Be7 5. Bd3 O-O 6. Nf3 c6 7. O-O Nbd7 8. Re1
b6 9. cxd5 cxd5 10. h3 Bb7 11. Qe2 Rc8 12. Bd2 Qc7 13. Rac1 Qb8 14. Ba6 Rfd8
15. Bxb7 Qxb7 16. a3 Bd6 17. Nh2 a6 18. Ng4 Rc7 19. f4 Nxg4 20. hxg4 Rdc8 21.
g5 Rc4 22. g3 b5 23. Kg2 b4 24. axb4 Bxb4 25. Rh1 Bd6 26. Rb1 Qb3 27. Qd3 Nf8
28. e4 dxe4 29. Qxe4 Qb6 30. Be3 Bb4 31. Qd3 Qc6+ 32. Ne4 Rc2+ 33. Kh3 Qd5 34.
Rhg1 R2c4 35. Rgc1 Nd7 36. Rxc4 Rxc4 37. Nc3 Qc6 38. Bd2 Nb6 39. Ne4 Bxd2 40.
Nxd2 Rc2 41. Ne4 Nd5 1/2-1/2

[Event "SC Mülheim 1 - SV Günnigfeld 1"]
[Site "Verbandsklasse - Gruppe 1 201"]
[Date "2019.01.20"]
[Round "5.7"]
[White "Brandhoff, Gerd"]
[Black "Wisotzky, Klaus"]
[Result "1-0"]
[WhiteElo "1779"]
[BlackElo "1638"]
[PlyCount "77"]
[EventDate "2019.??.??"]

1. e4 e6 2. c4 c5 3. d3 Nc6 4. Nc3 Nd4 5. Nge2 Nxe2 6. Qxe2 b6 7. g3 Bb7 8. Bg2
Ne7 9. O-O Nc6 10. Be3 a6 11. Qd2 Nd4 12. Rae1 Be7 13. Bxd4 cxd4 14. Ne2 e5 15.
f4 d6 16. Kh1 O-O 17. Ng1 Bc8 18. Nf3 f6 19. f5 a5 20. Bh3 d5 21. a3 dxe4 22.
Rxe4 Bb7 23. Rg4 Kh8 24. Kg1 Bxf3 25. Rxf3 Ra7 26. Qd1 Rf7 27. Rf1 Bc5 28. Bg2
Rfd7 29. Rh4 Qg8 30. Be4 h6 31. Qh5 Qf7 32. Qg4 Bf8 33. Rh5 Rac7 34. a4 Ra7 35.
Qh4 Rac7 36. g4 Be7 37. Rf3 Bd8 38. Rh3 Ra7 39. Rxh6+ 1-0

[Event "SC Mülheim 1 - SV Günnigfeld 1"]
[Site "Verbandsklasse - Gruppe 1 201"]
[Date "2019.01.20"]
[Round "5.8"]
[White "Kucki, Hermann"]
[Black "Bauer, Matthias"]
[Result "1/2-1/2"]
[WhiteElo "1749"]
[BlackElo "1574"]
[PlyCount "27"]
[EventDate "2019.??.??"]

1. d4 c6 2. c4 d5 3. Nc3 Nf6 4. Bf4 dxc4 5. Bxb8 Rxb8 6. a4 Bf5 7. e3 e6 8.
Bxc4 Qa5 9. Bd3 Bb4 10. Nge2 Ne4 11. Bxe4 Bxe4 12. O-O Bg6 13. Na2 Bd6 14. Nac3
1/2-1/2

[Event "DJK Wacker Bergeborbeck 1 - SV Horst-Em"]
[Site "Verbandsklasse - Gruppe 1 201"]
[Date "2019.01.20"]
[Round "5.1"]
[White "Patzer, Joerg"]
[Black "Landscheidt, Heinz"]
[Result "1/2-1/2"]
[WhiteElo "1855"]
[BlackElo "1848"]
[PlyCount "56"]
[EventDate "2019.??.??"]

1. f4 d5 2. b3 Nf6 3. Nf3 g6 4. e3 Bg7 5. Bb2 O-O 6. Be2 c5 7. O-O Nc6 8. Ne5
Qc7 9. Nc3 Rd8 10. a4 a6 11. Nxc6 Qxc6 12. Qe1 d4 13. Nd1 Be6 14. Bf3 Bd5 15.
d3 Bxf3 16. Rxf3 dxe3 17. Nxe3 Nd5 18. Nxd5 Qxd5 19. Bxg7 Kxg7 20. a5 e6 21.
Ra4 Rd7 22. Rc4 Kg8 23. Re3 Qd6 24. Re5 Rc8 25. Qc3 Rdc7 26. Re2 Rc6 27. Kf2
Qd8 28. g3 Qd5 1/2-1/2

[Event "DJK Wacker Bergeborbeck 1 - SV Horst-Em"]
[Site "Verbandsklasse - Gruppe 1 201"]
[Date "2019.01.20"]
[Round "5.2"]
[White "Grodotzki, Thomas"]
[Black "Hiebsch, Catalina"]
[Result "1/2-1/2"]
[WhiteElo "1964"]
[BlackElo "1753"]
[PlyCount "53"]
[EventDate "2019.??.??"]

1. e4 e5 2. Nf3 Nc6 3. d4 exd4 4. c3 dxc3 5. Nxc3 d6 6. Bc4 h6 7. O-O Nf6 8.
Qb3 Qd7 9. e5 dxe5 10. Nxe5 Nxe5 11. Re1 Bd6 12. Bf4 O-O 13. Bxe5 Bxe5 14. Rxe5
Re8 15. Rae1 Rxe5 16. Rxe5 c6 17. Ne4 b5 18. Bxf7+ Qxf7 19. Nxf6+ gxf6 20. Re8+
Kg7 21. Qg3+ Kh7 22. Qe3 Kg6 23. h4 h5 24. Qd3+ Kg7 25. Qg3+ Kh7 26. Qe3 Kg6
27. Qg3+ 1/2-1/2

[Event "DJK Wacker Bergeborbeck 1 - SV Horst-Em"]
[Site "Verbandsklasse - Gruppe 1 201"]
[Date "2019.01.20"]
[Round "5.3"]
[White "Verfuerth, Christian"]
[Black "Mombeck, Michael"]
[Result "1-0"]
[WhiteElo "1836"]
[BlackElo "1983"]
[PlyCount "53"]
[EventDate "2019.??.??"]

1. d4 Nf6 2. Nf3 g6 3. Nc3 Bg7 4. e4 d6 5. Be3 O-O 6. Qd2 Nbd7 7. Bh6 e5 8.
O-O-O exd4 9. Nxd4 Re8 10. Bxg7 Kxg7 11. f3 Nf8 12. g4 a6 13. Bg2 Ne6 14. h3
Ng8 15. h4 Bd7 16. h5 Nxd4 17. Qxd4+ Qf6 18. Qd2 Bc6 19. hxg6 fxg6 20. g5 Qe5
21. Rh4 Re7 22. f4 Qc5 23. Rdh1 Kh8 24. f5 Be8 25. Nd5 Rg7 26. b4 Qc4 27. Bf1
1-0

[Event "DJK Wacker Bergeborbeck 1 - SV Horst-Em"]
[Site "Verbandsklasse - Gruppe 1 201"]
[Date "2019.01.20"]
[Round "5.4"]
[White "Brandhorst, Dieter"]
[Black "Schreiner, Paulo"]
[Result "1-0"]
[WhiteElo "1893"]
[BlackElo "1651"]
[PlyCount "175"]
[EventDate "2019.??.??"]

1. e4 e6 2. d4 d5 3. Nd2 dxe4 4. Nxe4 Bd7 5. Nf3 Bc6 6. Bd3 Nd7 7. c3 Ngf6 8.
Bg5 Be7 9. Qc2 Nxe4 10. Bxe7 Qxe7 11. Bxe4 Bxe4 12. Qxe4 c6 13. O-O O-O 14.
Rfe1 Nf6 15. Qe5 Rfd8 16. Rad1 Rd5 17. Qe2 Rdd8 18. h3 c5 19. Qb5 cxd4 20. Rxd4
Rxd4 21. Nxd4 Rd8 22. Qa5 a6 23. Qg5 h6 24. Qh4 Nd5 25. Qg3 Qd6 26. Qh4 Qe7 27.
Qe4 Rd7 28. f4 Nf6 29. Qe2 Qd6 30. Qe5 Qb6 31. Re2 Rd5 32. Qe3 Rd7 33. Kh1 Qd6
34. f5 Nh5 35. fxe6 fxe6 36. Qxe6+ Qxe6 37. Rxe6 Nf4 38. Re3 Nd5 39. Re4 Nf6
40. Re5 Kf7 41. Kg1 Nd5 42. g3 Kf6 43. Re6+ Kf7 44. Re5 Kf6 45. Rf5+ Kg6 46. g4
Ne3 47. Rf2 Nd1 48. Rd2 Ne3 49. Re2 Nd5 50. Re4 Nf6 51. Re5 Nd5 52. Kg2 Kf6 53.
Rf5+ Ke7 54. Kf3 Kd6 55. c4 Nf6 56. g5 hxg5 57. Rxg5 Ne8 58. Rd5+ Ke7 59. Nf5+
Ke6 60. Rxd7 Kxd7 61. h4 g6 62. Nd4 Nd6 63. b3 Ke7 64. Kf4 Kf6 65. c5 Nf7 66.
b4 g5+ 67. hxg5+ Nxg5 68. c6 bxc6 69. Nxc6 Ne6+ 70. Ke4 Nc7 71. Kd4 Ke6 72. Kc5
Kd7 73. Kb6 Nd5+ 74. Kb7 Nc3 75. a3 Nb5 76. Nb8+ Kd6 77. a4 Nc3 78. a5 Kd5 79.
Nxa6 Kc4 80. Kc6 Nb5 81. Nc7 Kxb4 82. a6 Ka5 83. Kb7 Nd6+ 84. Ka7 Nc8+ 85. Kb8
Ne7 86. Kb7 Nf5 87. a7 Nd6+ 88. Kb8 1-0

[Event "DJK Wacker Bergeborbeck 1 - SV Horst-Em"]
[Site "Verbandsklasse - Gruppe 1 201"]
[Date "2019.01.20"]
[Round "5.5"]
[White "Kneip, Karl"]
[Black "Schaedlich, Andreas"]
[Result "0-1"]
[WhiteElo "1679"]
[BlackElo "1881"]
[PlyCount "76"]
[EventDate "2019.??.??"]

1. e4 c5 2. c3 e6 3. d3 Nc6 4. Nf3 Be7 5. Be2 d6 6. O-O Nf6 7. Re1 O-O 8. Nbd2
e5 9. Nf1 Bd7 10. Qc2 Qc7 11. Ne3 Rae8 12. Bd2 Bd8 13. Rac1 Qc8 14. Bf1 h6 15.
h3 Be6 16. c4 Nh5 17. Nd5 f5 18. Qd1 Nf6 19. a3 Rf7 20. b4 b6 21. b5 Ne7 22.
Nc3 Ref8 23. Nh2 Ng6 24. f3 f4 25. Ng4 Nh5 26. Ne2 Bh4 27. Nf2 Nh8 28. Qc2 Rf6
29. Ng4 Bxg4 30. hxg4 Ng3 31. Red1 h5 32. gxh5 Qe8 33. Be1 Qxh5 34. Nc3 Rh6 35.
Be2 Bd8 36. Kf2 Qh2 37. Bf1 Bh4 38. Rd2 Qh1 0-1

[Event "DJK Wacker Bergeborbeck 1 - SV Horst-Em"]
[Site "Verbandsklasse - Gruppe 1 201"]
[Date "2019.01.20"]
[Round "5.6"]
[White "Alinsug, Salvadore"]
[Black "Brock, Udo"]
[Result "1/2-1/2"]
[WhiteElo "1711"]
[BlackElo "1547"]
[PlyCount "77"]
[EventDate "2019.??.??"]

1. e4 e6 2. c3 d5 3. e5 c5 4. Bb5+ Bd7 5. Bxd7+ Nxd7 6. Nf3 Ne7 7. d4 Nf5 8.
Qb3 cxd4 9. cxd4 Qb6 10. Qxb6 Nxb6 11. O-O Be7 12. Nc3 a6 13. b3 Rc8 14. Bb2
O-O 15. Rac1 Rc6 16. Ne2 Rfc8 17. Rxc6 Rxc6 18. Rc1 h6 19. Rxc6 bxc6 20. Nc1 c5
21. g4 Nxd4 22. Nxd4 cxd4 23. Bxd4 Nd7 24. Nd3 f6 25. f4 fxe5 26. fxe5 Kf7 27.
Kf2 Ke8 28. Ke3 Kd8 29. Nf4 Nf8 30. Kd3 g5 31. Ng2 Kc7 32. Ne1 Nd7 33. Kc3 Bc5
34. Nd3 Kc6 35. h3 a5 36. Nc1 Bxd4+ 37. Kxd4 Nc5 38. a4 Kb6 39. Ke3 1/2-1/2

[Event "DJK Wacker Bergeborbeck 1 - SV Horst-Em"]
[Site "Verbandsklasse - Gruppe 1 201"]
[Date "2019.01.20"]
[Round "5.7"]
[White "Nemoj, Ilja"]
[Black "Grimke, Michael"]
[Result "1-0"]
[WhiteElo "1660"]
[BlackElo "1705"]
[PlyCount "59"]
[EventDate "2019.??.??"]

1. d4 d6 2. Bf4 Nc6 3. e3 g6 4. Nf3 Bg7 5. c3 Bd7 6. Na3 a6 7. Bc4 e6 8. h3 b5
9. Bb3 Nge7 10. Qd2 Rb8 11. e4 O-O 12. h4 f5 13. h5 gxh5 14. Rxh5 Qe8 15. Rh2
Ng6 16. Bh6 f4 17. O-O-O Bxh6 18. Rxh6 Kg7 19. Rdh1 Rh8 20. Ng5 b4 21. Nb1 bxc3
22. Nxc3 Na5 23. e5 Nxb3+ 24. axb3 d5 25. Rxh7+ Rxh7 26. Rxh7+ Kg8 27. Qe2 Nf8
28. Rh4 Rxb3 29. Rxf4 Ng6 30. Rf6 1-0

[Event "DJK Wacker Bergeborbeck 1 - SV Horst-Em"]
[Site "Verbandsklasse - Gruppe 1 201"]
[Date "2019.01.20"]
[Round "5.8"]
[White "Goertz, Hans"]
[Black "Timpe, Norbert"]
[Result "1-0"]
[WhiteElo "1801"]
[BlackElo "1576"]
[PlyCount "49"]
[EventDate "2019.??.??"]

1. d4 Nf6 2. c4 e6 3. Nc3 d5 4. Nf3 Bb4 5. Bd2 c5 6. dxc5 Bxc5 7. e3 Nc6 8. Be2
d4 9. exd4 Nxd4 10. O-O Nxe2+ 11. Qxe2 O-O 12. Bg5 h6 13. Bh4 Be7 14. Rfd1 Nd7
15. Bg3 Bf6 16. Nb5 a5 17. Bc7 Qe8 18. Bd6 Bd8 19. Bxf8 Qxf8 20. Nd6 Nf6 21.
Ne5 Bc7 22. Ndxf7 a4 23. Rd2 b6 24. Rad1 Bb7 25. Nd6 1-0

[Event "SV Königsspringer Haltern 1-SG Mengede1"]
[Site "Verbandsklasse - Gruppe 1 201"]
[Date "2019.01.20"]
[Round "5.1"]
[White "Pauling, Markus"]
[Black "Czarnik, Jozef"]
[Result "1-0"]
[WhiteElo "2182"]
[BlackElo "1887"]
[Annotator "Daniel"]
[PlyCount "99"]
[EventDate "2019.??.??"]

1. e4 c5 2. Nc3 e6 3. f4 Nc6 4. Nf3 a6 5. a4 d5 6. e5 Be7 7. d3 Nh6 8. g3 O-O
9. Bg2 Nf5 10. O-O Nfd4 11. h4 Nxf3+ 12. Qxf3 Nd4 13. Qf2 Bd7 14. Be3 Rc8 15.
Qd2 Bc6 16. Bf2 Qa5 17. Kh2 Qb4 18. Rfb1 Rfe8 $11 19. Qd1 Nf5 20. Ne2 Bxa4 21.
Be1 Bxc2 22. Qxc2 Qb6 23. Bf2 Qd8 24. Bh3 Nh6 25. b3 f5 26. exf6 Bxf6 27. d4
cxd4 28. Qd3 e5 29. fxe5 Bxe5 30. Kg2 Rc6 31. Bxd4 Rg6 32. Bxe5 Rxe5 33. Nf4
Rd6 34. Re1 Qf6 35. Rac1 Rc6 36. Rcd1 Rd6 37. Rxe5 Qxe5 38. Rd2 g6 39. Re2 Qf6
40. Re6 Qb2+ 41. Kf3 Rc6 42. Qxd5 Nf7 43. Nd3 Qa1 44. Rxc6 bxc6 45. Qe4 Qd1+
46. Kg2 Qxb3 47. Be6 Qc2+ 48. Kh3 Qd1 49. Ne5 Qf1+ 50. Qg2 1-0

[Event "SV Königsspringer Haltern 1-SG Mengede1"]
[Site "Verbandsklasse - Gruppe 1 201"]
[Date "2019.01.20"]
[Round "5.2"]
[White "Lombardi, Marco"]
[Black "Borgschulze, Maik"]
[Result "0-1"]
[WhiteElo "1833"]
[BlackElo "2134"]
[PlyCount "82"]
[EventDate "2019.??.??"]

1. e4 e6 2. d4 d5 3. Nc3 Bb4 4. exd5 exd5 5. Bd3 Nc6 6. a3 Ba5 7. Nge2 Nge7 8.
O-O Bg4 9. f3 Bf5 10. Be3 O-O 11. Ng3 Bg6 12. Nce2 Bb6 13. c3 Ne5 14. Bxg6
N7xg6 15. Bf2 Nc4 16. Qc2 Qg5 17. b3 Ne3 18. Qd2 Rae8 19. Rae1 f5 20. Nc1 f4
21. Bxe3 fxe3 22. Qc2 c5 23. Nce2 h5 24. f4 Nxf4 25. Nxf4 Rxf4 26. Rxf4 Qxf4
27. Rf1 Qg4 28. Ne2 cxd4 29. cxd4 Re4 30. h3 Qd7 31. Qd3 Qd6 32. Rf3 Qxa3 33.
Rxe3 Bxd4 34. Nxd4 Qa1+ 35. Kh2 Qxd4 36. Qxd4 Rxd4 37. Re7 Rb4 38. Re5 d4 39.
Rxh5 Rxb3 40. Rd5 d3 41. Kg1 a5 0-1

[Event "SV Königsspringer Haltern 1-SG Mengede1"]
[Site "Verbandsklasse - Gruppe 1 201"]
[Date "2019.01.20"]
[Round "5.3"]
[White "Bork, Sophie"]
[Black "Schulz, Alfons"]
[Result "1-0"]
[WhiteElo "1953"]
[BlackElo "1808"]
[PlyCount "59"]
[EventDate "2019.??.??"]

1. e4 c5 2. c3 e6 3. Nf3 Nc6 4. d4 d5 5. exd5 exd5 6. Bb5 Nf6 7. O-O Be7 8.
dxc5 Bxc5 9. Re1+ Be7 10. Qe2 h6 11. b3 Kf8 12. Bb2 Bg4 13. h3 Bd7 14. Nbd2 a6
15. Bd3 Be6 16. Nf1 Nh5 17. Bc2 Bf6 18. Qd2 g5 19. Ne3 Qd7 20. Nh2 Nf4 21. Rad1
h5 22. Ba3+ Kg7 23. c4 d4 24. Nef1 Rad8 25. Be4 Qc7 26. Bc1 Ne5 27. Bb2 g4 28.
hxg4 hxg4 29. Ng3 Qc8 30. Qxf4 1-0

[Event "SV Königsspringer Haltern 1-SG Mengede1"]
[Site "Verbandsklasse - Gruppe 1 201"]
[Date "2019.01.20"]
[Round "5.4"]
[White "Michalicek, Roland"]
[Black "Weinert, Christian"]
[Result "1-0"]
[WhiteElo "1834"]
[BlackElo "1979"]
[PlyCount "71"]
[EventDate "2019.??.??"]

1. e4 c5 2. Nf3 g6 3. d4 cxd4 4. Qxd4 Nf6 5. e5 Nc6 6. Qa4 Nd5 7. Bd2 Bg7 8.
Nc3 Nc7 9. Qf4 Ne6 10. Qg3 a6 11. Bc4 b5 12. Bd5 Rb8 13. Bxc6 dxc6 14. h4 h6
15. O-O Bb7 16. Rfd1 Qc7 17. Ne2 c5 18. Nf4 Nxf4 19. Bxf4 e6 20. Rd6 Bd5 21.
Rxd5 exd5 22. e6 Qd8 23. Bxb8 O-O 24. Bd6 Re8 25. exf7+ Kxf7 26. Rd1 d4 27.
Bxc5 Qc8 28. b4 Bf6 29. Rd2 a5 30. Bxd4 Bxd4 31. Rxd4 axb4 32. Ne5+ Ke6 33.
Nxg6 Rg8 34. Rd6+ Kf7 35. Qf4+ Ke8 36. Qe5+ 1-0

[Event "SV Königsspringer Haltern 1-SG Mengede1"]
[Site "Verbandsklasse - Gruppe 1 201"]
[Date "2019.01.20"]
[Round "5.5"]
[White "Delvos, Thorsten"]
[Black "Backmann, Hans"]
[Result "1/2-1/2"]
[WhiteElo "1966"]
[BlackElo "1752"]
[PlyCount "43"]
[EventDate "2019.??.??"]

1. c4 c5 2. g3 Nc6 3. Bg2 e6 4. Nc3 Nf6 5. e4 Be7 6. Nge2 O-O 7. O-O d6 8. h3
Rb8 9. f4 a6 10. d3 Bd7 11. g4 b5 12. g5 Nh5 13. Bf3 g6 14. Bxh5 gxh5 15. h4 b4
16. Na4 f6 17. Rf2 Kh8 18. Rg2 e5 19. f5 Rg8 20. g6 hxg6 21. Ng3 Qe8 22. b3
1/2-1/2

[Event "SV Königsspringer Haltern 1-SG Mengede1"]
[Site "Verbandsklasse - Gruppe 1 201"]
[Date "2019.01.20"]
[Round "5.6"]
[White "Struebig, Dominik"]
[Black "Kraus, Reinhard"]
[Result "0-1"]
[WhiteElo "1691"]
[BlackElo "1798"]
[PlyCount "66"]
[EventDate "2019.??.??"]

1. e4 c5 2. Nf3 Nc6 3. d4 cxd4 4. Nxd4 g6 5. Nxc6 bxc6 6. Qd4 f6 7. Bc4 e6 8.
O-O d5 9. exd5 cxd5 10. Bb3 Bg7 11. Re1 Ne7 12. Bd2 O-O 13. Bb4 Nc6 14. Qc5
Nxb4 15. Qxb4 a5 16. Qa3 Rf7 17. Ba4 Bf8 18. Qf3 Rb8 19. b3 Bd6 20. Nd2 Qc7 21.
Qd3 Bxh2+ 22. Kh1 Be5 23. Rac1 Qb6 24. Re2 Bd4 25. c4 Rc7 26. Qg3 Be5 27. Rxe5
fxe5 28. Qxe5 Rf7 29. c5 Qc7 30. Qd4 Rf4 31. Qc3 Rh4+ 32. Kg1 Qh2+ 33. Kf1 Ba6+
0-1

[Event "SV Königsspringer Haltern 1-SG Mengede1"]
[Site "Verbandsklasse - Gruppe 1 201"]
[Date "2019.01.20"]
[Round "5.7"]
[White "Ewers, Christian"]
[Black "Dreckmann, Guenter"]
[Result "1-0"]
[WhiteElo "1732"]
[BlackElo "1605"]
[PlyCount "67"]
[EventDate "2019.??.??"]

1. e4 c5 2. Nc3 Nc6 3. Nf3 e6 4. d3 d6 5. Qe2 e5 6. h3 h6 7. g3 Be6 8. Bg2 Qd7
9. Nd1 O-O-O 10. c4 g5 11. Ne3 Nd4 12. Nxd4 exd4 13. Nd5 f5 14. Bd2 Kb8 15. a4
Re8 16. Kd1 Bg7 17. Be1 Nf6 18. Qc2 Bf7 19. Nxf6 Bxf6 20. Rb1 Bg6 21. b4 Re7
22. bxc5 dxc5 23. e5 Rxe5 24. Rxb7+ Qxb7 25. Bxb7 Kxb7 26. g4 Rhe8 27. Ba5 h5
28. Re1 fxg4 29. Rxe5 Bxe5 30. hxg4 hxg4 31. Qb3+ Kc6 32. Qb5+ Kd6 33. Qa6+ Ke7
34. Qxg6 1-0

[Event "SV Königsspringer Haltern 1-SG Mengede1"]
[Site "Verbandsklasse - Gruppe 1 201"]
[Date "2019.01.20"]
[Round "5.8"]
[White "Buthmann, Ralf"]
[Black "Wiktor, Reinhard"]
[Result "0-1"]
[WhiteElo "1757"]
[BlackElo "1760"]
[PlyCount "132"]
[EventDate "2019.??.??"]

1. c4 Nf6 2. Nc3 g6 3. e4 d6 4. d4 Bg7 5. Nf3 c6 6. Be2 O-O 7. O-O Qc7 8. h3 a5
9. Be3 e5 10. Qc2 Nbd7 11. Rfd1 Re8 12. d5 Nc5 13. b3 Nh5 14. Bf1 f5 15. Bxc5
dxc5 16. dxc6 bxc6 17. g3 Bf8 18. exf5 gxf5 19. Nh4 e4 20. Ng2 Ra7 21. Ne2 Bd6
22. Qd2 Be5 23. Qg5+ Ng7 24. Rac1 Qe7 25. Qxe7 Raxe7 26. Nef4 Ne6 27. Nxe6 Bxe6
28. Be2 Bf7 29. Nf4 Bd4 30. Kg2 e3 31. f3 Rb8 32. Rb1 Kg7 33. Bd3 Kf6 34. Ne2
h6 35. Bc2 Be5 36. f4 Bc7 37. Kf3 Rg8 38. Rg1 Rd8 39. Rbd1 Rd2 40. Rxd2 exd2
41. g4 fxg4+ 42. hxg4 a4 43. Rd1 axb3 44. axb3 Ba5 45. Ng3 Bg6 46. f5 Be8 47.
Ne4+ Ke5 48. Nxd2 Kd4 49. Ne4+ Ke5 50. Nxc5 h5 51. g5 h4 52. g6 h3 53. Rh1 Kd4
54. Ne6+ Kc3 55. Rxh3 Kxc2 56. Rh7 Rxe6 57. fxe6 Bxg6 58. Rg7 Bh5+ 59. Ke4 Kxb3
60. Kd4 Bc3+ 61. Kc5 Bxg7 62. Kxc6 Kxc4 63. Kd7 Bg4 64. Kd6 Bd4 65. e7 Bc5+ 66.
Ke5 Bxe7 0-1

[Event "SV Kamen 2 - SK Germania Kupferdreh 1"]
[Site "Verbandsklasse - Gruppe 2 201"]
[Date "2019.01.20"]
[Round "5.1"]
[White "Unteregge, Michael"]
[Black "Georg, Felix"]
[Result "1-0"]
[WhiteElo "2018"]
[BlackElo "1999"]
[PlyCount "67"]
[EventDate "2019.??.??"]

1. Nf3 c6 2. d4 Nf6 3. c4 d5 4. e3 Bf5 5. Nc3 e6 6. Nh4 Bg6 7. Be2 Nbd7 8. O-O
Bd6 9. g3 dxc4 10. Nxg6 hxg6 11. Bxc4 e5 12. Qb3 Qe7 13. Qxb7 Rb8 14. Qxc6 Ng4
15. Nd5 Qg5 16. Qxd6 Nxh2 17. Be2 e4 18. Bd2 Nxf1 19. Bxf1 Rh5 20. Nf4 Rh8 21.
Rc1 Qe7 22. Qxe7+ Kxe7 23. Bb4+ Kd8 24. Ba3 Nf6 25. Rc5 Nd7 26. Ra5 Rc8 27.
Rxa7 g5 28. Nd5 Rh6 29. Bb5 Rc1+ 30. Kg2 Nb6 31. Be7+ Kc8 32. Ba6+ Kb8 33. Rb7+
Ka8 34. Nxb6+ 1-0

[Event "SV Kamen 2 - SK Germania Kupferdreh 1"]
[Site "Verbandsklasse - Gruppe 2 201"]
[Date "2019.01.20"]
[Round "5.2"]
[White "Neumann, Carsten"]
[Black "Krimphoff, Ingo"]
[Result "1/2-1/2"]
[WhiteElo "2002"]
[BlackElo "1930"]
[Annotator "Daniel"]
[PlyCount "132"]
[EventDate "2019.??.??"]

1. Nf3 d5 2. g3 Bg4 3. Bg2 Nd7 4. O-O c6 5. d4 Ngf6 6. b3 e6 7. Bb2 Be7 8. c4
O-O 9. Nbd2 Rc8 10. Ne5 Nxe5 11. dxe5 Nd7 12. Rc1 f6 13. h3 Bh5 14. cxd5 exd5
15. exf6 $11 Nxf6 16. Qe1 Bb4 17. a3 Ba5 18. b4 Bb6 19. e4 Nxe4 20. Nxe4 dxe4
21. Qxe4 Qg5 22. Qc4+ Kh8 23. g4 Bf7 24. Qc3 Rcd8 25. Rcd1 Rxd1 26. Rxd1 Bxf2+
27. Kh1 Be6 28. Rf1 Kg8 29. Bc1 Qg6 30. Qe5 Bc4 31. Be4 Qxe4+ 32. Qxe4 Bd5 33.
Qg2 Bb6 34. Rd1 Bxg2+ 35. Kxg2 Rd8 36. Re1 Rd7 37. Re2 Kf7 38. Bb2 g6 39. h4
Re7 40. Rd2 Ke8 41. Bf6 Re3 42. Bg5 Re6 43. Kf3 a5 44. Rd3 Bc7 45. Rd4 axb4 46.
axb4 Bd6 47. h5 Kd7 48. hxg6 hxg6 49. Bd2 Kc7 50. g5 Kb6 51. Rh4 Kb5 52. Bc3 b6
53. Rd4 c5 54. bxc5 bxc5 55. Re4 Rxe4 56. Kxe4 Kc4 57. Bd2 Bc7 58. Be3 Bg3 59.
Bg1 Kb4 60. Kd5 c4 61. Bd4 c3 62. Bxc3+ Kxc3 63. Ke6 Bf4 64. Kf6 Kd4 65. Kxg6
Ke5 66. Kf7 Bxg5 1/2-1/2

[Event "SV Kamen 2 - SK Germania Kupferdreh 1"]
[Site "Verbandsklasse - Gruppe 2 201"]
[Date "2019.01.20"]
[Round "5.3"]
[White "PraemaÃŸing, Reiner"]
[Black "Koch, Marcel"]
[Result "1-0"]
[WhiteElo "1834"]
[BlackElo "1890"]
[PlyCount "59"]
[EventDate "2019.??.??"]

1. e4 d5 2. exd5 Qxd5 3. Nf3 Bg4 4. Be2 Nf6 5. O-O e6 6. d4 Nc6 7. h3 Qh5 8.
hxg4 Nxg4 9. Bf4 O-O-O 10. Ne5 Ncxe5 11. Bxe5 f5 12. Bxg4 fxg4 13. Nd2 Qg6 14.
Nc4 h5 15. Ne3 Be7 16. Qd3 Qf7 17. Qe4 Bf6 18. Nc4 Rh6 19. Rad1 Rg6 20. Rd3 h4
21. Rb3 Rd5 22. Ne3 Bxe5 23. dxe5 h3 24. Nxd5 exd5 25. Qb4 c6 26. e6 h2+ 27.
Kh1 Qxe6 28. Qxb7+ Kd8 29. Qb8+ Ke7 30. Re3 1-0